| 000 | 00432nam a22001337a 4500 | ||
|---|---|---|---|
| 040 | _cNUST | ||
| 082 | _a200 THE | ||
| 100 |
_aArshan Ahmed _985013 |
||
| 110 |
_aSupervisor Dr. Imran Akhtar _985014 |
||
| 245 | _aTH-SOF-1942-Numerical Analysis of Cooling System to Enhance Heat Exchange in Different Environmental Conditions | ||
| 260 |
_aISLAMABAD: _bNUST COLLEGE OF EME, _c2021. |
||
| 650 |
_aMS-MECH-19 _985015 |
||
| 942 |
_2ddc _cTHE |
||
| 999 |
_c586865 _d586865 |
||